[Event "World-chT Rapid"]
[Site "Dusseldorf"]
[Date "2023.08.28"]
[Round "12"]
[White "Njoroge, Martin"]
[Black "Deregnaucourt, Lucas"]
[Result "1-0"]
[WhiteElo "1870"]
[BlackElo "2076"]
[PlyCount "119"]
[EventDate "2023.08.26"]
[EventType "team-swiss (rapid)"]
[EventRounds "12"]
[EventCountry "GER"]
[SourceTitle "CBM 215 Extra"]
[Source "ChessBase"]
[SourceDate "2023.09.30"]
[SourceVersion "1"]
[SourceVersionDate "2023.09.30"]
[SourceQuality "1"]
[WhiteTeam "Kenya Commercial Bank"]
[BlackTeam "Lausanne Ecole Polytechnique"]
[WhiteTeamCountry "KEN"]
[BlackTeamCountry "SUI"]

1. c4 Nf6 2. Nf3 g6 3. b3 Bg7 4. Bb2 d6 5. g3 e5 6. Bg2 c5 7. 0-0 0-0 8. Nc3 Nc6 9. e3 Re8 10. d3 Bf5 11. a3 Qd7 12. Nd5 Nxd5 13. cxd5 Ne7 14. Rc1 e4 15. dxe4 Bxb2 16. Rc2 Bxe4 17. Rxb2 Bxd5 18. Rd2 Rad8 19. Rxd5 Nxd5 20. Qxd5 b5 21. Rd1 Qe6 22. Qd3 a6 23. Ng5 Qe5 24. h4 Re7 25. Bd5 Kg7 26. e4 h6 27. f4 Qb2 28. Rb1 Qd4+ 29. Qxd4+ cxd4 30. Nf3 Rc8 31. Nxd4 Rc3 32. Kf2 Rec7 33. Rd1 Kf6 34. Rd2 Rc1 35. h5 Rh1 36. hxg6 fxg6 37. Kg2 Rcc1 38. Nf3 Rhd1 39. Re2 g5 40. e5+ dxe5 41. fxe5+ Ke7 42. Bb7 Rc3 43. e6 Rdd3 44. Ne5 Rxg3+ 45. Kf2 Rh3 46. Ng6+ Ke8 47. e7 Rh2+ 48. Bg2 Rc6 49. Ne5 Re6 50. Kg3 Rxg2+ 51. Kxg2 Rxe7 52. Kf3 Re6 53. Ke4 Ke7 54. Rf2 Kd6 55. Rd2+ Ke7 56. Rd7+ Ke8 57. Rh7 Kf8 58. Kd5 Rf6 59. Nd7+ Kg8 60. Nxf6+ 1-0